Responses for Show #4483 - Wednesday, February 18, 2004

2004 Teen Tournament semifinal game 3.

Contestants

[<< previous game]

Courtney Bennis, a senior from Virginia Beach, Virginia

Matt Nordsten, a junior from Altadena, California

Oliver Sherouse, a junior from Montgomery, Alabama

[next game >>]

Jeopardy! Round responses

WHEN I WAS YOUR AGE...
ON THE SLOPES
ANNUAL EVENTS
NONPOTENT POTABLES
DINOSAURS
"B" PLUS
    $200 17
Elvis (Presley)

Matt
    $200 4
the wax

Matt
    $200 1
Superman

Oliver
    $200 12
Evian

Matt
    $200 24
(Alex: Good. Minute to go now.)

a paleontologist

Courtney
    $200 3
a blade

Matt
    $400 18
computers

Oliver
    $400 5
(Matt: What is freestyle?)

ski jumping

OliverMatt
    $400 2
(Matt: What is Florence?)

Venice

MattCourtney
    $400 13
milk

Oliver
    $400 25
the Loch Ness monster

Matt
    $400 8
a battalion

Triple Stumper
    $600 20
throwing a perfect game

Matt
    $600 23
Alpine skiing

Oliver
    $600 6
Hawaii

Oliver
    $600 14
(Courtney: What is Oasis?)

Cactus Cooler

Courtney
Triple Stumper
    $600 26
the Stegosaurus

Matt
    $600 9
brine

Oliver
    $800 21
Ford

Courtney
    $800 28
a mogul

Matt
    $800 7
St. Augustine

Courtney
    $800 15
Hi-C

Oliver
    $1,000 27
eggs

Matt
    $800 10
(Courtney: What is a bequeathment?)
[Courtney was originally ruled incorrect, but was given credit during the interview.]

a bequest

Courtney
    $1000 22
Sputnik

Courtney
    $1000 29
freestyle

Matt
    $1000 19
Annie Oakley

Courtney
    $1000 16
Pepsi

Courtney
    $1000 30
Mesozoic

Oliver
    $1000 11
(Matt: What is braking?)

banking

Matt
Triple Stumper

Scores at the first commercial break (after clue 15):

Oliver Matt Courtney
$3,000 -$1,200 $1,400

Scores at the end of the Jeopardy! Round:

Oliver Matt Courtney
$5,000 $3,400 $5,400

Double Jeopardy! Round responses

BIOLOGY
WHO PLAYED 'EM?
WINTER READING
21st CENTURY TRENDS
BALLET
BEASTLY RHYME TIME
    $400 3
penicillin

Matt
    $400 4
Mike Myers

Matt
    $400 14
"Little House on the Prairie"

Courtney
    $400 21
(Alex: They came out with [*].)

a picturephone

Triple Stumper
    $400 1
a deep sheep

Courtney
    $800 6
the esophagus

Courtney
    $800 5
(Oliver: Viggo--who is Viggo Morgansen?)
...
(Alex: Mortensen, yes.)

Viggo Mortensen

OliverMatt
    $800 15
matches

Oliver
    $800 22
surfing

Matt
    $800 29
[The end-of-round signal sounds.]

the Queen of Hearts

Courtney
    $800 2
a snake cake

Oliver
    $1200 10
teeth

Matt
    $1200 9
Halle Berry

Matt
    $1200 16
the Magi

Oliver
    $1200 23
a hybrid

Oliver
    $1200 27
"Anna Karenina"

Oliver
    $1200 7
(Alex: Yes, you don't wanna come across one of those.)

a stale whale

Courtney
    $1600 12
ciliate

Courtney
    $1600 11
Keira Knightley

Matt
    $1600 17
"the dead"

Triple Stumper
    $1600 24
(Courtney: What is scroll?)
...
(Alex: It doesn't scroll, it [*] along the bottom of the screen. Oliver, minute to go.)

crawls

Courtney
Triple Stumper
    $1600 26
pliƩ

Courtney
    $1600 8
a silly filly

Matt
    $2000 19
(Matt: What is meiosis?)

mitosis

MattCourtney
    $3,000 20
Queen Latifah

Courtney
    $2,000 18
Robert Frost

Oliver
    $2000 25
(Matt: What is a website?)

Weblog (or blog)

Matt
Triple Stumper
    $2000 28
a lyre

Oliver
    $2000 13
crickets' tickets

Courtney

Scores at the end of the Double Jeopardy! Round:

Oliver Matt Courtney
$13,400 $7,400 $17,600

[wagering suggestions for these scores]

Final Jeopardy! Round responses

U.S. POLITICS
(Alex: The two fellows will leave us with $5,000 in cash, and you get to come back tomorrow and here are your two opponents playing against you for $75,000 in cash.)
(Chris: Chris Holden, Carlisle, Pennsylvania.)
(Jennifer: Jennifer Wu, Arkadelphia, Arkansas.)
MattWhat is Puerto Rico
$7,400
OliverWhat is Who Washington DC
$12,000
CourtneyWhat is Washington D.C.
$17,000
Washington, D.C.

Final scores:

Oliver Matt Courtney
$25,400 $0 $34,600
2nd place: $5,000 3rd place: $5,000 Finalist

Game dynamics:

Coryat scores:

Oliver Matt Courtney
$13,400 $7,200 $16,600
16 R
(including 1 DD),
1 W
18 R
(including 1 DD),
5 W
18 R
(including 1 DD),
2 W

Combined Coryat: $37,200

[game clues] [game scores] [suggest correction]

Game tape date: 2003-12-16
The J! Archive is created by fans, for fans. Scraping, republication, monetization, and malicious use prohibited; this site may use cookies and collect identifying information. See terms. The Jeopardy! game show and all elements thereof, including but not limited to copyright and trademark thereto, are the property of Jeopardy Productions, Inc. and are protected under law. This website is not affiliated with, sponsored by, or operated by Jeopardy Productions, Inc. Join the discussion at JBoard.tv.